| 000 | 00595nam a2200205 u 4500 | ||
|---|---|---|---|
| 001 | 000291487 | ||
| 003 | AM-YEHGA | ||
| 005 | 20250617163837.0 | ||
| 008 | 031208s1962 ||||||||||||||||||||rus d | ||
| 040 | _aAM-YeHGA | ||
| 041 | 0 | _arus | |
| 100 | 1 | _aСмирнов, Вячеслав Павлович | |
| 245 | 1 | 0 |
_aТунис : _b(Экономический очерк) / _cВ.П. Смирнов. |
| 260 |
_aМосква : _bСоцэкгиз, _c1962. |
||
| 300 | _a72 с. | ||
| 504 | _aПодстр. примеч. | ||
| 650 | 1 | 4 | _aЭкономика |
| 942 |
_2udc _cBK |
||
| 090 | _c517192 | ||
| 999 |
_c513677 _d513677 |
||